Largest Country of Asia per Letter Minefield Quiz Stats

 Plays Quiz Updated Feb 4, 2015

Score 0/20 Timer 06:00
1 Play Today
Letter Country % Correct
C???
89.3%
I???
75.6%
R???
71.8%
J???
58.9%
K???
57.2%
Y???
55.4%
M???
54.2%
Q???
51.5%
O???
50.4%
A???
48.5%
Letter Country % Correct
V???
46.6%
P???
43.6%
U???
41.3%
S???
40.3%
L???
34.9%
G???
32.3%
B???
30.8%
T???
28.6%
N???
24.9%
Mines???
12.3%

You're not logged in!

Compare scores with friends on all Sporcle quizzes.
Join for Free
OR
Log In

Show Comments

Extras

Top Quizzes Today


Score Distribution

Your Account Isn't Verified!

In order to create a playlist on Sporcle, you need to verify the email address you used during registration. Go to your Sporcle Settings to finish the process.

Report this User

Report this user for behavior that violates our Community Guidelines.

Details: